ბათუმის შოთა რუსთაველის სახელმწიფო უნივერსიტეტის ბიბლიოთეკა

История социологии (ბიბ.ჩანაწერი № 48201)

000 -LEADER
fixed length control field 00668nam a2200253Ia 4500
001 - CONTROL NUMBER
control field 15083
003 - CONTROL NUMBER IDENTIFIER
control field GE_BSU
008 - FIXED-LENGTH DATA ELEMENTS--GENERAL INFORMATION
fixed length control field 181216s||||||||xx |||||||||||||| ||und||
020 ## - INTERNATIONAL STANDARD BOOK NUMBER
International Standard Book Number 9785060044997
040 ## - CATALOGING SOURCE
Transcribing agency GE_BSU
080 ## - UNIVERSAL DECIMAL CLASSIFICATION NUMBER
Universal Decimal Classification number 316.2
100 ## - MAIN ENTRY--PERSONAL NAME
Personal name Кукушкина,Е.И.
245 ## - TITLE STATEMENT
Title История социологии
245 ## - TITLE STATEMENT
Remainder of title Учебник
245 ## - TITLE STATEMENT
Statement of responsibility, etc. Ред.Л.Ф.Пемцкая
260 ## - PUBLICATION, DISTRIBUTION, ETC.
Place of publication, distribution, etc. Москва
260 ## - PUBLICATION, DISTRIBUTION, ETC.
Name of publisher, distributor, etc. Высшая школа
260 ## - PUBLICATION, DISTRIBUTION, ETC.
Date of publication, distribution, etc. 2009
300 ## - PHYSICAL DESCRIPTION
Extent 486стр.20см.
653 ## - INDEX TERM--UNCONTROLLED
Uncontrolled term История социологии
653 ## - INDEX TERM--UNCONTROLLED
Uncontrolled term Социология
653 ## - INDEX TERM--UNCONTROLLED
Uncontrolled term სოციოლოგია
942 ## - ADDED ENTRY ELEMENTS (KOHA)
Koha item type წიგნი
ეგზემპლარები
Withdrawn status Lost status Damaged status Not for loan Date acquired Barcode Date last seen Price effective from Koha item type
        2018-12-17 38125 2018-12-17 2018-12-17 წიგნი